| 000 | 00730nam a22001817a 4500 | ||
|---|---|---|---|
| 999 |
_c101946 _d101946 |
||
| 005 | 20181204120214.0 | ||
| 010 | _aENG-115673 | ||
| 020 |
_a9789351437451 _c1495.00 |
||
| 035 | _aEN-99205 | ||
| 037 | _bDBAD/PUB | ||
| 082 | _a342.540662 | ||
| 100 | _aTandon,Rajesh | ||
| 245 |
_aRight to Information law and practice : _bexhaustive commentary on the right to information Act, 2005 along with case law from Supreme court, high courts and various information commissions / _cby Rajesh Tandon |
||
| 260 |
_aGurgaon _bLexisNexis _c2016 |
||
| 270 |
_a14th floor Building N0-10Tower -B,DLF Cyber City Phase-II _bGurgaon(Haryana) _e122002 |
||
| 300 |
_aVarious Pagings _c24cm(Hb) |
||
| 942 |
_2ddc _cEN _h342.540662 _mTAN |
||